Statistics for Hockey Quiz

Click here to take the quiz!

General Stats

  • This quiz has been taken 62 times
  • The average score is 8 of 15

Answer Stats

Answer% Correct
Connor Mcdavid
96%
Patrick Kane
92%
Marc Andre-Fleury
72%
Carey Price
62%
Brad Marchand
58%
Dylan larkin
52%
Henrik lundqvist
50%
Jack Eichel
50%
Charlie Mcavoy
48%
Braden Holtby
46%
Patrice Bergeron
46%
David Pastrnak
42%
Mike Smith
38%
Tukka Rask
36%
Matt Murray
20%

Score Distribution

Percentile by Number Answered

Percent of People with Each Score

Your Score History

You have not taken this quiz